| 000 | 00567nam a2200169Ia 4500 | ||
|---|---|---|---|
| 008 | 090201s9999 xx 000 0 und d | ||
| 010 | _aKPL-40355 | ||
| 040 | _bमराठी | ||
| 041 | _aमराठी | ||
| 082 |
_a26679 _b40355 |
||
| 100 | _aपां आ साठवणे | ||
| 245 |
_aचुंबक चिकीस्ता भाग 3 _cपां आ साठवणे |
||
| 260 |
_c2004 _bसाठवणे प्रकाशन |
||
| 300 |
_a36 _bमोठा |
||
| 600 | _aचुंबक चिकीस्ता भाग 3 | ||
| 942 | _cBOOK | ||
| 999 |
_c225720 _d225720 |
||